书目信息 |
| 题名: |
大学英语实用翻译技巧
|
|
| 作者: | 霍海洪 , 王平山 编写 | |
| 分册: | ||
| 出版信息: | 南京 东南大学出版社 1999.05 |
|
| 页数: | 204页 | |
| 开本: | 32开 | |
| 丛书名: | ||
| 单 册: | ||
| 中图分类: | ||
| 科图分类: | ||
| 主题词: | 英语 | |
| 电子资源: | ||
| ISBN: | 7-81050-478-9 | |
| 000 | 00634nam0 2200217 45 | |
| 001 | 9912081602 | |
| 005 | 20010516150357.9 | |
| 010 | @a7-81050-478-9@d10.00元 | |
| 100 | @a19991208d1999 km y0chiy0120 ea | |
| 101 | @achi | |
| 105 | @a z 000yy | |
| 200 | 1 | @a大学英语实用翻译技巧@ADa Xue Ying Yu Shi Yong Fan Yi Ji Qiao@f霍海洪,王平山编写@FHuo Hai Hong,Wang Ping Shan Bian Xie |
| 210 | @a南京@c东南大学出版社@d1999.05 | |
| 215 | @a204页@d32开 | |
| 606 | 0 | @a英语 |
| 690 | @v3 | |
| 690 | @aH315.9@v3 | |
| 701 | @a霍海洪@4编写 | |
| 701 | 0 | @a王平山@4编写 |
| 801 | @aCN@bPFTUser@c19991208 | |
| 905 | @f3@b46322-324@dH315.9@eH966 | |
| 大学英语实用翻译技巧/霍海洪,王平山编写.-南京:东南大学出版社,1999.05 |
| 204页;32开 |
| ISBN 7-81050-478-9:10.00元 |
| ● |
| 相关链接 |
|
|
|
正题名:大学英语实用翻译技巧
索取号:H315.9/H966
 
预约/预借
| 序号 | 登录号 | 条形码 | 馆藏地/架位号 | 状态 | 备注 |
| 1 | 46322 | 200463220 | 语言库209/209语言库 39排1列2层/ [索取号:H315.9/H966] | 在馆 | |
| 2 | 46323 | 200463239 | 语言库209/209语言库 39排1列2层/ [索取号:H315.9/H966] | 在馆 | |
| 3 | 46324 | 200463248 | 社科二线400B/400B社科库 8排2列1层/ [索取号:H315.9/H966] | 在馆 |